[Event "35. DSenEM 65+"]
[Site "Bad Wildungen"]
[Date "2023.07.22"]
[Round "6.26"]
[White "Plewka, Manfred"]
[Black "Zimmermann, Rolf"]
[Result "0-1"]
[WhiteElo "1915"]
[BlackElo "2067"]
[PlyCount "178"]
[EventDate "2023.??.??"]
[WhiteTeam "SV VHS Rendsburg"]
[BlackTeam "Duesseldorfer Schachklub 14/25 e"]

1. e4 c6 2. d4 d5 3. Nc3 dxe4 4. Nxe4 Nd7 5. Bd3 Ngf6 6. Ne2 Nxe4 7. Bxe4 Nf6 8. Bf3 Bg4 9. Bxg4 Nxg4 10. Ng3 Qd7 11. h3 Nf6 12. Bg5 Qe6+ 13. Qe2 Qxe2+ 14. Nxe2 Nd5 15. c4 Nb6 16. b3 e6 17. Rd1 Bb4+ 18. Bd2 Be7 19. O-O O-O 20. Be3 Rfd8 21. a4 Bb4 22. Rd3 Rd7 23. Rfd1 Rad8 24. f4 g6 25. Nc3 Bxc3 26. Rxc3 Nc8 27. Rcd3 f5 28. Kf1 Kf7 29. Ke2 h6 30. h4 h5 31. Bg1 a6 32. Bf2 Ne7 33. Be3 Ng8 34. d5 exd5 35. Bb6 Re8+ 36. Kf3 Nf6 37. Bd4 dxc4 38. bxc4 Red8 39. Ke2 Re8+ 40. Kf3 Red8 41. Ke2 Ne4 42. Be5 Rxd3 43. Rxd3 Rxd3 44. Kxd3 Nc5+ 45. Kc2 Nxa4 46. Bd4 c5 47. Be3 Nb6 48. Kb3 Nd7 49. Ka4 b6 50. Kb3 Ke6 51. Kc3 Kd6 52. Bc1 Kc6 53. Bb2 Nf6 54. Kd3 Ne4 55. Bg7 b5 56. cxb5+ axb5 57. Be5 Nd6 58. Kc3 Kd5 59. Kd3 Ne4 60. Bg7 b4 61. Be5 c4+ 62. Kc2 Nc5 63. Bc7 Ne6 64. Be5 Ke4 65. g3 Kf3 66. Bd6 Kxg3 67. Bxb4 Nxf4 68. Bd6 Kg4 69. Kc3 Ng2 70. Kxc4 Kxh4 71. Kd3 f4 72. Ke2 Kg4 73. Kf2 Ne3 74. Bc5 Kf5 75. Ba7 g5 76. Bc5 g4 77. Ba7 Ke4 78. Bc5 f3 79. Ba7 Nf5 80. Bc5 h4 81. Bb6 g3+ 82. Kg1 f2+ 83. Bxf2 gxf2+ 84. Kxf2 Kf4 85. Kg2 Kg4 86. Kh2 h3 87. Kg1 Kg5 88. Kh1 Ne3 89. Kg1 Ng4 0-1

[Event "35. DSenEM 65+"]
[Site "Bad Wildungen"]
[Date "2023.07.22"]
[Round "6.27"]
[White "Galow, Wolfgang Paul"]
[Black "Wolff, Stefan"]
[Result "1-0"]
[WhiteElo "2018"]
[BlackElo "1906"]
[PlyCount "81"]
[EventDate "2023.??.??"]
[WhiteTeam "FC Bayern Muenchen e.V."]
[BlackTeam "SchVgg Blankenese von 1923 e.V."]

1. Nf3 c5 2. c4 Nc6 3. b3 e5 4. Bb2 d6 5. d3 g6 6. e3 Bg7 7. Nc3 Nge7 8. Be2 O-O 9. a3 a6 10. Qc2 Rb8 11. O-O b5 12. Nd5 bxc4 13. dxc4 Nxd5 14. cxd5 Ne7 15. Bc4 f5 16. Rad1 Kh8 17. Bc3 Bb7 18. Qb2 Rg8 19. Ng5 Qe8 20. f4 h6 21. Ne6 Bxd5 22. Nc7 Bxc4 23. Nxe8 Rxb3 24. Qc2 Rxe8 25. Rxd6 Nd5 26. Rxd5 Bxd5 27. Bxe5 Bxe5 28. fxe5 Rxe3 29. Qxc5 R3xe5 30. Qd6 Kg7 31. Rc1 g5 32. Rc7+ Bf7 33. Qxa6 Rd5 34. h3 Rd1+ 35. Kh2 Ree1 36. Qb7 f4 37. Rxf7+ Kg6 38. Rg7+ Kf6 39. Qf7+ Ke5 40. Qc7+ Kf5 41. Qc8+ 1-0

[Event "35. DSenEM 65+"]
[Site "Bad Wildungen"]
[Date "2023.07.22"]
[Round "6.28"]
[White "Boeven, Manfred"]
[Black "Dierkes, Heinrich"]
[Result "1/2-1/2"]
[WhiteElo "2007"]
[BlackElo "1786"]
[PlyCount "69"]
[EventDate "2023.??.??"]
[WhiteTeam "Schachfreunde Geilenkirchen 1984"]
[BlackTeam "SK Koenigsspringer Wewelsburg"]

1. d4 d5 2. Nc3 f5 3. f3 e6 4. e4 Bb4 5. exf5 exf5 6. Bd3 Nf6 7. Nge2 O-O 8. O-O c6 9. Ng3 Ne8 10. Bf4 g5 11. Bxb8 Rxb8 12. f4 gxf4 13. Nh5 Bd6 14. Qf3 Nf6 15. Nxf6+ Qxf6 16. Ne2 Bd7 17. c3 Rbe8 18. Nxf4 Qg5 19. g3 Re7 20. Rae1 Re4 21. Bxe4 fxe4 22. Qe3 Bg4 23. Ng2 Qxe3+ 24. Nxe3 Bf3 25. Ng2 Be7 26. Nh4 Bxh4 27. gxh4 Rf4 28. Kf2 Rxh4 29. Kg3 Rg4+ 30. Kh3 Rf4 31. Rg1+ Kf7 32. Rg5 h6 33. Rg3 Rf5 34. Rgg1 Rh5+ 35. Kg3 1/2-1/2

[Event "35. DSenEM 65+"]
[Site "Bad Wildungen"]
[Date "2023.07.22"]
[Round "6.29"]
[White "Tuertmann, Dieter"]
[Black "Prause, Dieter"]
[Result "0-1"]
[WhiteElo "1953"]
[BlackElo "1779"]
[PlyCount "114"]
[EventDate "2023.??.??"]
[WhiteTeam "ESV 1949 Eberswalde e.V."]
[BlackTeam "Schachklub Delbrueck"]

1. d4 d5 2. Nf3 Nf6 3. c3 e6 4. e3 Be7 5. Bd3 O-O 6. Nbd2 c5 7. O-O c4 8. Bc2 Nc6 9. Re1 b5 10. e4 dxe4 11. Nxe4 Bb7 12. Qe2 Qd5 13. Neg5 h6 14. Ne4 a5 15. Bd2 b4 16. Rad1 Ba6 17. Nxf6+ Bxf6 18. Bb1 bxc3 19. Bxc3 Rac8 20. a3 Rfd8 21. Qc2 g6 22. Qe2 Bb7 23. Qf1 Rd7 24. Ne5 Rdc7 25. Nxc6 Bxc6 26. Be4 Qb5 27. Bxc6 Rxc6 28. Re2 Rd6 29. g3 Rcd8 30. Red2 Rd5 31. f4 h5 32. Qf2 Kg7 33. Qe3 g5 34. Rf2 Rf5 35. Qe4 Rdd5 36. fxg5 Bxg5 37. Rdf1 Rxf2 38. Rxf2 Qd7 39. Bxa5 Rxa5 40. Qf3 Rf5 41. Qc3 Qd5 42. Rxf5 exf5 43. h4 Bf6 44. Kh2 Bxd4 45. Qc1 f6 46. a4 Be5 47. a5 Qxa5 48. Qxc4 Qd2+ 49. Kh3 Qxb2 50. Qf1 Qc3 51. Qf2 Kg6 52. Kg2 Qc6+ 53. Kh2 Qe4 54. Kh3 f4 55. gxf4 Bxf4 56. Qg2+ Qxg2+ 57. Kxg2 Kf5 0-1

[Event "35. DSenEM 65+"]
[Site "Bad Wildungen"]
[Date "2023.07.22"]
[Round "6.30"]
[White "Hilbig, Dieter"]
[Black "Brettschneider, Karl"]
[Result "1-0"]
[WhiteElo "1830"]
[BlackElo "1949"]
[PlyCount "61"]
[EventDate "2023.??.??"]
[WhiteTeam "ESV Gera"]
[BlackTeam "SC Leinfelden"]

1. e4 c5 2. Nf3 d6 3. d4 cxd4 4. Nxd4 Nc6 5. c4 e6 6. Nc3 Be7 7. Be3 Nf6 8. Be2 Bd7 9. O-O Nxd4 10. Bxd4 Bc6 11. Bf3 O-O 12. Qd3 Ne8 13. Rad1 Bf6 14. Be3 Qa5 15. Qd2 Bxc3 16. bxc3 Rc8 17. Qd4 a6 18. c5 e5 19. Qb4 Qxa2 20. cxd6 Nf6 21. Bg5 Qe6 22. Rfe1 h6 23. Bxf6 Qxf6 24. d7 Rcd8 25. Rd6 Qe7 26. Red1 Qg5 27. Qc5 g6 28. c4 Kg7 29. g3 Kh7 30. h4 Qe7 31. Rxc6 1-0

[Event "35. DSenEM 65+"]
[Site "Bad Wildungen"]
[Date "2023.07.22"]
[Round "6.31"]
[White "Lekakh, Mikhail"]
[Black "Polster, Wolfgang"]
[Result "0-1"]
[WhiteElo "1804"]
[BlackElo "2223"]
[PlyCount "122"]
[EventDate "2023.??.??"]
[WhiteTeam "Oberbilker Schachverein 1960"]
[BlackTeam "SV 03/25 Koblenz"]

1. e4 d5 2. e5 c5 3. Bb5+ Bd7 4. Bxd7+ Qxd7 5. Nf3 e6 6. O-O Ne7 7. Nc3 Nbc6 8. Re1 Nf5 9. Ne2 Qc7 10. Ng3 Nxg3 11. hxg3 Be7 12. c3 O-O 13. d3 b5 14. Qe2 Rab8 15. Kh2 b4 16. Rh1 bxc3 17. bxc3 f6 18. Bf4 fxe5 19. Nxe5 Nxe5 20. Qxe5 Qxe5 21. Bxe5 Rb2 22. f4 Bf6 23. Rhb1 Rc2 24. Rc1 Rxc1 25. Rxc1 Bxe5 26. fxe5 Rf2 27. Ra1 Rd2 28. a4 Rxd3 29. Rb1 Rxc3 30. Rb8+ Kf7 31. Rb7+ Kg6 32. g4 Re3 33. Rxa7 Rxe5 34. a5 Re3 35. Rc7 c4 36. a6 Ra3 37. a7 h6 38. Kg1 c3 39. Rxc3 Rxa7 40. Rc6 Kf6 41. g5+ hxg5 42. Kf2 Ra4 43. Ke3 Ke5 44. Rc2 Ra3+ 45. Kf2 g4 46. Rb2 g3+ 47. Ke2 Ke4 48. Rb7 Ra2+ 49. Kd1 Rxg2 50. Rxg7 Kd3 51. Kc1 e5 52. Rg5 Kd4 53. Kd1 e4 54. Ke1 Ke3 55. Kf1 Rf2+ 56. Ke1 Rf3 57. Rg8 Kd3 58. Rd8 Ke3 59. Rg8 d4 60. Rg7 d3 61. Rxg3 Rxg3 0-1

[Event "35. DSenEM 65+"]
[Site "Bad Wildungen"]
[Date "2023.07.22"]
[Round "6.32"]
[White "Nemoj, Ilja"]
[Black "Kube, Hannelore"]
[Result "0-1"]
[WhiteElo "1792"]
[BlackElo "1916"]
[PlyCount "62"]
[EventDate "2023.??.??"]
[WhiteTeam "Schachverein Horst-Emscher 31"]
[BlackTeam "SV Medizin Erfurt"]

1. d4 d5 2. Bf4 Nf6 3. e3 Bf5 4. Nd2 e6 5. c3 Bd6 6. Bg3 Qe7 7. Be2 Nbd7 8. Ngf3 Bxg3 9. hxg3 h6 10. Ne5 Nxe5 11. dxe5 Nd7 12. f4 O-O-O 13. Nb3 f6 14. exf6 gxf6 15. Bd3 Bh7 16. Nd4 c5 17. Ne2 Nb6 18. Qd2 Nc4 19. Bxc4 dxc4 20. Qc1 Bd3 21. Kf2 Rhg8 22. Qe1 e5 23. Rxh6 Qg7 24. Rh3 exf4 25. Kg1 fxe3 26. Qf1 Qg4 27. Re1 Rge8 28. Qf3 Bxe2 29. Rxe2 Rd1+ 30. Kh2 Qxf3 31. gxf3 Rd2 0-1

[Event "35. DSenEM 65+"]
[Site "Bad Wildungen"]
[Date "2023.07.22"]
[Round "6.33"]
[White "Rosen, Willy"]
[Black "Allgaier, Erik"]
[Result "1/2-1/2"]
[WhiteElo "2100"]
[BlackElo "1925"]
[PlyCount "68"]
[EventDate "2023.??.??"]
[WhiteTeam "Schachfreunde Essen-Katernberg"]
[BlackTeam "Schachclub Hans Clauert Trebbin"]

1. e4 d6 2. d4 Nf6 3. Nc3 e5 4. Nf3 exd4 5. Nxd4 Be7 6. Be2 O-O 7. Be3 d5 8. exd5 Nxd5 9. Nxd5 Qxd5 10. O-O c6 11. c4 Qd8 12. Qc2 Bg5 13. Bd3 g6 14. Rad1 Bxe3 15. fxe3 Na6 16. Qf2 Qe7 17. Qf4 Bd7 18. Qh6 Rae8 19. Rde1 Nc5 20. Bc2 a5 21. b3 f6 22. h4 Qg7 23. Qf4 Ne6 24. Qd6 Qe7 25. Qg3 Ng7 26. Qc7 Bg4 27. Qxa5 Ra8 28. Qc3 Rxa2 29. c5 Kh8 30. Ra1 Rxa1 31. Rxa1 Re8 32. Kf2 Nh5 33. Nf3 Qc7 34. Bd1 Bxf3 1/2-1/2

[Event "35. DSenEM 65+"]
[Site "Bad Wildungen"]
[Date "2023.07.22"]
[Round "6.34"]
[White "Krueger, Norbert"]
[Black "Wulf, Adalbert"]
[Result "1/2-1/2"]
[WhiteElo "1971"]
[BlackElo "1833"]
[PlyCount "67"]
[EventDate "2023.??.??"]
[WhiteTeam "Ratinger Schachklub 1950"]
[BlackTeam "Schachverein Ennigerloh-Oelde"]

1. e4 d6 2. d4 c6 3. Nc3 Nf6 4. h3 Qc7 5. a4 b6 6. Nf3 e5 7. Be2 Be7 8. Be3 h6 9. Qd2 Nbd7 10. g4 exd4 11. Nxd4 Nc5 12. f3 Bd7 13. Bf4 Ne6 14. Bg3 Nxd4 15. Qxd4 c5 16. Qd2 Bc6 17. Nb5 Bxb5 18. Bxb5+ Nd7 19. Rd1 a6 20. Bxd7+ Qxd7 21. Bxd6 O-O-O 22. Bxe7 Qxe7 23. Qe2 Rxd1+ 24. Qxd1 Qh4+ 25. Kf1 Rd8 26. Qe2 Kc7 27. Kg2 Qf6 28. b3 Qd6 29. Re1 a5 30. Qa6 Qf4 31. Re2 g6 32. Qc4 h5 33. Qc3 h4 34. Qe1 1/2-1/2

[Event "35. DSenEM 65+"]
[Site "Bad Wildungen"]
[Date "2023.07.22"]
[Round "6.35"]
[White "Pundt, Wilfried"]
[Black "Moews, Harald"]
[Result "1-0"]
[WhiteElo "1822"]
[BlackElo "1704"]
[PlyCount "21"]
[EventDate "2023.??.??"]
[WhiteTeam "SK Bremen-Nord"]
[BlackTeam "Ahrensburger TSV"]

1. e4 e6 2. d4 d6 3. Nc3 Be7 4. Nf3 Nf6 5. Bd3 O-O 6. h4 Ne8 7. e5 d5 8. Bxh7+ Kxh7 9. Ng5+ Kg8 10. Qh5 Bxg5 11. hxg5 1-0

[Event "35. DSenEM 65+"]
[Site "Bad Wildungen"]
[Date "2023.07.22"]
[Round "6.37"]
[White "Thielemann, Joachim"]
[Black "Rache, Ralf"]
[Result "0-1"]
[WhiteElo "1727"]
[BlackElo "1910"]
[PlyCount "102"]
[EventDate "2023.??.??"]
[WhiteTeam "SV Eutin von 1875"]
[BlackTeam "Aachener Schachverein 1856 e. V."]

1. e4 g6 2. Nc3 Bg7 3. Nge2 c5 4. d3 Nc6 5. g3 d6 6. h3 e6 7. Bg2 Rb8 8. Rb1 b5 9. Be3 Nd4 10. Qd2 Ne7 11. O-O O-O 12. Nd1 a5 13. c3 Nxe2+ 14. Qxe2 Nc6 15. a3 b4 16. axb4 axb4 17. Qd2 bxc3 18. Nxc3 Nd4 19. Bxd4 Bxd4 20. Ne2 Bg7 21. Rfc1 Ba6 22. Bf1 Rb3 23. Nf4 Qb6 24. Rc2 Rb8 25. d4 Bxd4 26. Bxa6 Qxa6 27. Ne2 Bg7 28. Kg2 Qb6 29. Nc3 Qc6 30. Re1 R3b4 31. f3 Qb6 32. Re2 Bd4 33. h4 Ra8 34. h5 Ra1 35. Rc1 Rxc1 36. Qxc1 Qd8 37. hxg6 hxg6 38. Re1 Qf6 39. Qd2 Qg7 40. Re2 Rb6 41. f4 Rb3 42. Nd1 f5 43. Qa5 Qd7 44. Qa8+ Kg7 45. exf5 exf5 46. Qa2 Qb7+ 47. Kh2 Qf3 48. Nc3 c4 49. Rd2 Kf6 50. Qa5 Qb7 51. Rxd4 Rxb2+ 0-1

[Event "35. DSenEM 65+"]
[Site "Bad Wildungen"]
[Date "2023.07.22"]
[Round "6.38"]
[White "Seidel, Arnold"]
[Black "Krum, Beate"]
[Result "1-0"]
[WhiteElo "1906"]
[BlackElo "1717"]
[PlyCount "58"]
[EventDate "2023.??.??"]
[WhiteTeam "SV Kali Wolmirstedt"]
[BlackTeam "SG Heidelberg-Kirchheim"]

1. e4 c6 2. d4 d5 3. Nc3 dxe4 4. Nxe4 Bf5 5. Ng3 Bg6 6. Nf3 h6 7. Bc4 Nd7 8. c3 e6 9. O-O Nb6 10. Bb3 Bd6 11. Qe2 Nf6 12. Nh4 Bh7 13. Ne4 O-O 14. Nxd6 Qxd6 15. Nf3 Nbd7 16. Re1 Nd5 17. Ne5 Nxe5 18. dxe5 Qc7 19. Qf3 Rfd8 20. Qg3 Bg6 21. h4 Kh8 22. Qf3 Qe7 23. h5 Bh7 24. g4 Qf8 25. Kg2 Rac8 26. g5 Ne7 27. gxh6 gxh6 28. Kh2 Rd3 29. Qf6+ Kg8 1-0

[Event "35. DSenEM 65+"]
[Site "Bad Wildungen"]
[Date "2023.07.22"]
[Round "6.39"]
[White "Wolter, Guenter"]
[Black "Zimmermann, Manfred"]
[Result "0-1"]
[WhiteElo "1775"]
[BlackElo "1888"]
[PlyCount "66"]
[EventDate "2023.??.??"]
[WhiteTeam "TSG Neustrelitz"]
[BlackTeam "Kieler Schachgesellschaft v.1884"]

1. Nf3 d5 2. g3 Nf6 3. Bg2 e6 4. O-O c5 5. d3 Be7 6. Nbd2 O-O 7. Qe1 b5 8. e4 Bb7 9. exd5 exd5 10. d4 c4 11. Ne5 Nbd7 12. f4 Ne8 13. Bh3 Ndf6 14. Ndf3 Qc7 15. c3 Bc8 16. Bxc8 Rxc8 17. g4 Ne4 18. g5 f6 19. Ng4 Qd7 20. Nf2 N8d6 21. h4 Ng3 22. Bd2 Rce8 23. Qd1 Nxf1 24. Qxf1 Kh8 25. Qg2 Bd8 26. Ng4 Ne4 27. Be3 Bc7 28. Rd1 Qf5 29. Rf1 Re7 30. Bc1 Rfe8 31. Ne3 Qd7 32. f5 Ng3 33. Re1 Nxf5 0-1

[Event "35. DSenEM 65+"]
[Site "Bad Wildungen"]
[Date "2023.07.22"]
[Round "6.40"]
[White "Abel, Hans-Peter"]
[Black "Schwarz, Hans"]
[Result "1/2-1/2"]
[WhiteElo "1761"]
[BlackElo "1855"]
[PlyCount "150"]
[EventDate "2023.??.??"]
[WhiteTeam "SC Leinfelden"]
[BlackTeam "SV Rochade Magdeburg 96"]

1. c4 e6 2. g3 f5 3. Bg2 Nf6 4. e3 d5 5. Ne2 c6 6. Qc2 Bd6 7. b3 O-O 8. d3 Nbd7 9. Nd2 Ne5 10. f3 dxc4 11. bxc4 Bb4 12. d4 Ng6 13. O-O Bd6 14. Bb2 e5 15. dxe5 Bxe5 16. Rad1 Qb6 17. Nd4 c5 18. N4b3 Bxb2 19. Qxb2 Be6 20. Qc2 Ne5 21. Qc3 Nc6 22. Rfe1 Rad8 23. e4 Nd4 24. e5 Nd7 25. f4 Nb8 26. Kh1 Nbc6 27. Rb1 Qb4 28. Qxb4 cxb4 29. Nc5 Bc8 30. Bd5+ Kh8 31. Ncb3 Nc2 32. Re2 Na3 33. Rb2 Ne7 34. Bf3 b6 35. Re3 a5 36. c5 a4 37. cxb6 axb3 38. Rexb3 Nd5 39. Bxd5 Rxd5 40. Rxb4 Bb7 41. Kg1 Rfd8 42. Nc4 Nxc4 43. Rxc4 Kg8 44. Rc7 R5d7 45. Kf2 Kf7 46. a4 Ke6 47. Ke3 Rd3+ 48. Kf2 R8d7 49. Rc5 R3d5 50. Rbc2 Rd3 51. Rc7 R3d5 52. Ke3 g6 53. R2c3 Rd4 54. a5 R4d5 55. Rxd7 Rxd7 56. Rc4 Ke7 57. Rd4 Ke6 58. Rc4 Ba6 59. Rc6+ Ke7 60. Rc2 Rd3+ 61. Kf2 Rd6 62. Rc7+ Rd7 63. Ra7 Rxa7 64. bxa7 Bb7 65. h3 Ke6 66. g4 h6 67. Kg3 Be4 68. h4 h5 69. gxh5 gxh5 70. Kf2 Bc6 71. Ke3 Kd5 72. Kd3 Kc5 73. Kc3 Bd5 74. Kd3 Kb5 75. Kc3 Kc5 1/2-1/2

[Event "35. DSenEM 65+"]
[Site "Bad Wildungen"]
[Date "2023.07.22"]
[Round "6.41"]
[White "Wenske, Hardy"]
[Black "Launert, Martin"]
[Result "1/2-1/2"]
[WhiteElo "1710"]
[BlackElo "1849"]
[PlyCount "161"]
[EventDate "2023.??.??"]
[WhiteTeam "Kieler SG von 1884"]
[BlackTeam "Sfr. Erbach"]

1. d4 d5 2. Nf3 Nf6 3. e3 c5 4. b3 cxd4 5. exd4 g6 6. Bd3 Bg7 7. Nbd2 Nc6 8. Bb2 O-O 9. O-O Nb4 10. Ne5 Nxd3 11. Nxd3 Re8 12. Ne5 Bf5 13. f3 Rc8 14. c3 Nd7 15. f4 Nxe5 16. fxe5 Bd7 17. Qf3 Be6 18. Qe3 b5 19. Ba3 Qd7 20. Rae1 Rc6 21. Nf3 Ra6 22. Qc1 Rc8 23. Qb2 Bh6 24. Bc5 Bg4 25. Qe2 Bh5 26. h3 g5 27. g4 Bg6 28. a4 Re6 29. a5 a6 30. b4 Re8 31. Rf2 f5 32. Ref1 fxg4 33. hxg4 Rc6 34. Nh2 Qe6 35. Qe3 Rcc8 36. Qh3 Bg7 37. Qe3 h6 38. Kg2 Rf8 39. Kg3 Rxf2 40. Rxf2 Rf8 41. Rxf8+ Bxf8 42. Nf3 Kg7 43. Nd2 Be8 44. Nf1 Bd7 45. Qf3 h5 46. Ne3 hxg4 47. Qxd5 Qh6 48. e6 Qh4+ 49. Kg2 Qh3+ 50. Kf2 g3+ 51. Ke2 Qxe6 52. Qxe6 Bxe6 53. Kf3 Kg6 54. Kxg3 Bc8 55. Nf1 Kf7 56. Nh2 Bg7 57. Nf3 Bf6 58. Bb6 Ke6 59. Bc7 Kd5 60. Nd2 Bf5 61. Be5 Bxe5+ 62. dxe5 Kxe5 63. c4 bxc4 64. Nxc4+ Kd4 65. Na3 Kc3 66. b5 axb5 67. Nxb5+ Kb4 68. Nd4 Be4 69. a6 Bd5 70. Kg4 Kc4 71. Nf3 Kb5 72. a7 Kb6 73. Nxg5 Kxa7 74. Kf5 Kb6 75. Ke5 Kc6 76. Nh3 Ba2 77. Nf4 Kd7 78. Ng6 e6 79. Nf8+ Ke8 80. Nxe6 Bxe6 81. Kxe6 1/2-1/2

[Event "35. DSenEM 65+"]
[Site "Bad Wildungen"]
[Date "2023.07.22"]
[Round "6.42"]
[White "Blosze, Winfried"]
[Black "Wagner, Guenter"]
[Result "1/2-1/2"]
[WhiteElo "1845"]
[BlackElo "1709"]
[PlyCount "108"]
[EventDate "2023.??.??"]
[WhiteTeam "SV Koenigsspr. 1929 Grossauheim"]
[BlackTeam "SV 1946 Gross-Gerau"]

1. e4 d6 2. d4 Nf6 3. Nc3 e5 4. dxe5 dxe5 5. Qxd8+ Kxd8 6. Bc4 Be6 7. Bxe6 fxe6 8. f3 a6 9. Be3 Bd6 10. O-O-O Ke7 11. g4 Nbd7 12. Nge2 b5 13. Ng3 Rhf8 14. Rhf1 Bc5 15. Bg5 h6 16. Bd2 g5 17. Rh1 Nb6 18. b3 Rad8 19. Nge2 Rxd2 20. Rxd2 Be3 21. Kd1 Bxd2 22. Kxd2 Kf7 23. Nc1 c5 24. Ke2 Rd8 25. Nd3 Nfd7 26. h4 c4 27. Nb4 Nb8 28. a3 Kg6 29. h5+ Kf6 30. Rd1 Rxd1 31. Kxd1 a5 32. Nba2 cxb3 33. cxb3 Nc6 34. Ne2 Nd4 35. Nxd4 exd4 36. Nc1 a4 37. Kc2 e5 38. Ne2 Kg7 39. Ng3 axb3+ 40. Kxb3 Nc4 41. Nf5+ Kh7 42. Ne7 d3 43. Nd5 d2 44. Kc2 Kg7 45. Nc7 Nxa3+ 46. Kxd2 b4 47. Na6 b3 48. Kc3 Nc2 49. Kxb3 Nd4+ 50. Kc4 Nxf3 51. Kd5 Nh2 52. Kxe5 Nxg4+ 53. Kf5 Nf6 54. Nb4 Nxh5 1/2-1/2

[Event "35. DSenEM 65+"]
[Site "Bad Wildungen"]
[Date "2023.07.22"]
[Round "6.43"]
[White "Beisinghoff, Rudolf"]
[Black "Zilch, Lothar"]
[Result "0-1"]
[WhiteElo "1610"]
[BlackElo "1825"]
[PlyCount "101"]
[EventDate "2023.??.??"]
[WhiteTeam "SV Anderssen Arolsen"]
[BlackTeam "SV Alsfeld"]

1. e4 e5 2. Nf3 Nf6 3. Nxe5 d6 4. Nf3 Nxe4 5. d3 Nf6 6. Bg5 Be7 7. Nc3 O-O 8. Qd2 Nc6 9. O-O-O Be6 10. d4 d5 11. a3 a6 12. h3 b5 13. Ne5 Qe8 14. Nxb5 Ne4 15. Nxc7 Nxd2 16. Nxe8 Bxg5 17. Rxd2 Nxe5 18. Nc7 Nc6 19. g3 Bxd2+ 20. Kxd2 Ra7 21. Nxa6 Nxd4 22. b4 Rc8 23. Bd3 Nf3+ 24. Ke3 Ne5 25. b5 Nxd3 26. cxd3 Rc3 27. Rb1 Bc8 28. b6 Rxa6 29. b7 Bxb7 30. Rxb7 g6 31. Kd4 Raxa3 32. Kxd5 Rxd3+ 33. Ke5 Rf3 34. h4 Rxf2 35. g4 Ra4 36. h5 Kg7 37. Rb6 Rxg4 38. hxg6 hxg6 39. Rb3 Rg5+ 40. Ke4 Rfg2 41. Rb7 R2g4+ 42. Kf3 Rc4 43. Ra7 Rf5+ 44. Kg3 Rb5 45. Kf3 Rb3+ 46. Ke2 Rc2+ 47. Kd1 Rh2 48. Kc1 Rg3 49. Rd7 Rg1+ 50. Rd1 Rxd1+ 51. Kxd1 0-1

[Event "35. DSenEM 65+"]
[Site "Bad Wildungen"]
[Date "2023.07.22"]
[Round "6.44"]
[White "Jacob, Karl-Heinz"]
[Black "Dolezal, Hans-Peter"]
[Result "1/2-1/2"]
[WhiteElo "1687"]
[BlackElo "1815"]
[PlyCount "31"]
[EventDate "2023.??.??"]
[WhiteTeam "SG 1951 Sonneberg"]
[BlackTeam "FC Bayern Muenchen e.V."]

1. Nf3 Nf6 2. c4 c5 3. g3 e6 4. Bg2 Be7 5. O-O O-O 6. b3 Nc6 7. Bb2 b6 8. e3 Bb7 9. d4 cxd4 10. Nxd4 a6 11. Nxc6 Bxc6 12. Nd2 Bxg2 13. Kxg2 d5 14. Qe2 Qc7 15. Rac1 Qb7 16. f3 1/2-1/2

[Event "35. DSenEM 65+"]
[Site "Bad Wildungen"]
[Date "2023.07.22"]
[Round "6.45"]
[White "Josting, Friedel"]
[Black "Walther, Renate"]
[Result "1-0"]
[WhiteElo "1795"]
[BlackElo "1222"]
[PlyCount "47"]
[EventDate "2023.??.??"]
[WhiteTeam "Schachgemeinschaft Buende 1945"]
[BlackTeam "SK 1911 Herzogenaurach e.V."]

1. d4 d5 2. Nf3 Nf6 3. e3 Bf5 4. c4 e6 5. Nc3 a6 6. a4 Nc6 7. Nh4 Bg6 8. Nxg6 hxg6 9. Be2 Be7 10. O-O Qd6 11. g3 e5 12. dxe5 Nxe5 13. Nxd5 Nxd5 14. Qxd5 c6 15. Qxd6 Bxd6 16. f4 Nd7 17. Bd2 O-O-O 18. Rad1 Bc5 19. Kg2 Rde8 20. Rf3 f5 21. b4 Bd6 22. Bc3 Rh7 23. Rxd6 Nf8 24. b5 1-0

[Event "35. DSenEM 65+"]
[Site "Bad Wildungen"]
[Date "2023.07.22"]
[Round "6.46"]
[White "Partsch, Manfred"]
[Black "Hartstock, Elmar"]
[Result "0-1"]
[WhiteElo "1478"]
[BlackElo "1831"]
[PlyCount "78"]
[EventDate "2023.??.??"]
[WhiteTeam "Potsdamer SV Mitte e.V."]
[BlackTeam "SC Ansbach 1855 e.V."]

1. d4 d5 2. Nf3 Nf6 3. Bf4 e6 4. e3 Bd6 5. Ne5 O-O 6. Nd2 c5 7. c3 c4 8. Be2 Nc6 9. Qc2 Qc7 10. Ndf3 h6 11. O-O Ne4 12. h3 Nxe5 13. Nxe5 Bxe5 14. Bxe5 Qc6 15. f3 Nd6 16. Rae1 Bd7 17. e4 Rae8 18. Bxd6 Qxd6 19. e5 Qe7 20. f4 f5 21. g3 b5 22. Qd2 Rb8 23. Kf2 Rb7 24. Ke3 a5 25. Rb1 Rfb8 26. Rfc1 g5 27. Qe1 Be8 28. h4 b4 29. hxg5 hxg5 30. b3 bxc3 31. bxc4 Rxb1 32. Rxb1 Rxb1 33. Qxb1 Qa3 34. Qc2 Ba4 35. Qd3 dxc4 36. Qxc4 gxf4+ 37. gxf4 Bd7 38. Kd3 Qb2 39. Qxc3 Bb5+ 0-1

[Event "35. DSenEM 65+"]
[Site "Bad Wildungen"]
[Date "2023.07.22"]
[Round "6.47"]
[White "Berger, Volkmar"]
[Black "Andrijenko, Anatoliy"]
[Result "1-0"]
[WhiteElo "1698"]
[BlackElo "1803"]
[PlyCount "61"]
[EventDate "2023.??.??"]
[WhiteTeam "Schachclub Senioren Cottbus"]
[BlackTeam "SF Koeln-Longerich 1956"]

1. d4 Nf6 2. c4 g6 3. Nc3 Bg7 4. e4 d6 5. f3 O-O 6. Be3 a5 7. g4 e5 8. d5 c6 9. h4 cxd5 10. cxd5 Na6 11. Qd2 h5 12. Bg5 hxg4 13. h5 Nc5 14. h6 Bh8 15. h7+ Nxh7 16. Bxd8 Rxd8 17. Qh2 Kf8 18. Qxh7 Bf6 19. Qh6+ Ke7 20. Qd2 Bd7 21. fxg4 Bxg4 22. Be2 Bd7 23. Nf3 b5 24. Ng5 Rg8 25. Nh7 Rg7 26. Nxf6 Kxf6 27. Bxb5 Bxb5 28. Nxb5 Ke7 29. Qg5+ Kd7 30. O-O f5 31. Qf6 1-0

[Event "35. DSenEM 65+"]
[Site "Bad Wildungen"]
[Date "2023.07.22"]
[Round "6.48"]
[White "Huber, Helmut"]
[Black "Meinke, Dietlind"]
[Result "1/2-1/2"]
[WhiteElo "1661"]
[BlackElo "1793"]
[PlyCount "117"]
[EventDate "2023.??.??"]
[WhiteTeam "Brackweder Schachklub von 1924"]
[BlackTeam "MTV Leck von 1889"]

1. Nf3 d5 2. d4 Nf6 3. c4 c6 4. Nc3 dxc4 5. e4 b5 6. e5 Nd5 7. a4 Nxc3 8. bxc3 e6 9. Bd2 Be7 10. Be2 Na6 11. O-O Nc7 12. Ne1 Nd5 13. Nc2 Bb7 14. Qb1 Qd7 15. Qd1 O-O 16. Bf3 a6 17. Be4 f5 18. exf6 Nxf6 19. Bf3 Bd6 20. Ne3 c5 21. Re1 Qc7 22. Nf1 Rae8 23. Bg5 Nd5 24. Qc2 g6 25. Be4 Qg7 26. Qd2 Qc7 27. Qc2 Qf7 28. Qd2 Bf4 29. Bxf4 Nxf4 30. Ng3 Nd5 31. Rf1 Nf6 32. Bf3 Re7 33. Ne4 Nxe4 34. Bxe4 Qf6 35. axb5 axb5 36. Ra7 Ba8 37. Rxe7 Qxe7 38. Ra1 Qc7 39. Qe3 Rc8 40. Bf3 Kf7 41. Re1 Qd6 42. Ra1 Bb7 43. Qh6 Kg8 44. g3 Rf8 45. Qe3 Ra8 46. Rxa8+ Bxa8 47. Bg4 Kf7 48. Bf3 Bb7 49. Qh6 Kg8 50. Qe3 Bc8 51. Kg2 Bd7 52. Bg4 Qd5+ 53. Bf3 Qd6 54. Bg4 Kg7 55. Bf3 Qc7 56. Qg5 Qd6 57. Qe3 Kf7 58. Qg5 Kg8 59. Qe3 1/2-1/2

[Event "35. DSenEM 65+"]
[Site "Bad Wildungen"]
[Date "2023.07.22"]
[Round "6.49"]
[White "Zechel, Rolf-Ruediger"]
[Black "Hassler, Rolf"]
[Result "1-0"]
[WhiteElo "1731"]
[BlackElo "1695"]
[PlyCount "80"]
[EventDate "2023.??.??"]
[WhiteTeam "SK Kaltenkirchen"]
[BlackTeam "Hellertaler Schachfreunde 1954"]

1. d4 f5 2. Nc3 Nf6 3. Bf4 d6 4. e3 c6 5. h4 Qa5 6. Bd3 e5 7. dxe5 dxe5 8. Bg5 Be7 9. Nge2 Be6 10. O-O Nbd7 11. Ng3 e4 12. Be2 O-O-O 13. Qe1 Qc7 14. Ngxe4 fxe4 15. Nxe4 Nd5 16. c4 N5f6 17. Bf4 Qb6 18. Ng5 c5 19. Qc3 h6 20. Nxe6 Qxe6 21. Bf3 g5 22. Bh2 gxh4 23. Qa5 Qb6 24. Qa4 Rhg8 25. b4 cxb4 26. Rab1 Nc5 27. Qc2 Ne6 28. a3 a5 29. Rfc1 Bd6 30. Bxd6 Qxd6 31. c5 Qd3 32. Qa4 Qa6 33. axb4 Nd5 34. b5 Qa8 35. Bxd5 Rxd5 36. Qe4 Nc7 37. b6 Re8 38. Qg6 Rg5 39. Qf7 Rg7 40. Qxg7 Ne6 1-0

[Event "35. DSenEM 65+"]
[Site "Bad Wildungen"]
[Date "2023.07.22"]
[Round "6.50"]
[White "Pos, Joshua"]
[Black "Dorn, Hans-Juergen"]
[Result "0-1"]
[WhiteElo "1404"]
[BlackElo "1729"]
[PlyCount "58"]
[EventDate "2023.??.??"]
[WhiteTeam "SC Papenburg"]
[BlackTeam "Schachclub Bayer Uerdingen 1923"]

1. e4 d5 2. exd5 Qxd5 3. Nc3 Qd6 4. d4 Nf6 5. Nf3 c6 6. h3 Bf5 7. Be2 Nbd7 8. O-O e6 9. Bg5 Be7 10. Bh4 Qc7 11. Bg3 Bd6 12. Bxd6 Qxd6 13. Bd3 Bg6 14. Re1 O-O-O 15. Ne5 Rdf8 16. Nxg6 hxg6 17. Be2 Rh4 18. Bg4 Nxg4 19. g3 Rxh3 20. Qxg4 Rfh8 21. Kg2 Rh2+ 22. Kf3 Nf6 23. Ne4 Qxd4 24. Nxf6 Qxf2+ 25. Ke4 Qxc2+ 26. Kf3 gxf6 27. Qd4 Rd8 28. Qb4 Qf5+ 29. Ke3 Qd3+ 0-1